| 000 | 00881nam a2200265 i 4500 | ||
|---|---|---|---|
| 001 | bg | ||
| 100 | 1 | _aOMELIANIUK, Wioletta. | |
| 245 | 1 | 0 |
_aSach- und Fachtexte auf Deutsch. _nT. 1 / _cWioletta Omelianiuk, Halina Ostapczuk, Anna Zawadzka. |
| 260 |
_aBiałystok : _bWydaw. PB, _c2004. |
||
| 300 |
_a111 s. : _brys. ; _c23 cm. |
||
| 504 | _aBibliogr. s. 111. | ||
| 650 | 9 | _aJęzyk niemiecki | |
| 655 | _aMateriały pomocnicze dla szkół wyższych | ||
| 700 | 1 | _aOSTAPCZUK, Halina. | |
| 700 | 1 |
_aZAWADZKA, Anna _d(1919-2004). |
|
| 015 | _aPB 8554/2005 | ||
| 020 | _a8388229788 | ||
| 040 | _cBPK | ||
| 041 | 0 | _agerpol | |
| 080 | _a811.112.2(075.8) | ||
| 920 | _a83-88229-78-8 | ||
| 942 | _cKS | ||
| 008 | s pl f |000 0 pol | ||
| 999 |
_c46412 _d46412 |
||
| 856 |
_uhttp://koha.tu.koszalin.pl/cgi-bin/koha/opac-detail.pl?biblionumber=46412 _yKatalog online BPK |
||